00328nam a2200109Ia 4500008004100000082000800041100001600049245003500065942000600100952009700106999001500203240331s9999 xx 000 0 und d bBHA aBhargava, P 0aPolitical economy of Sri Lanka cL 001040708LaWERCLbWERCLcSSCd2024-03-31l0o 330.9 BHAp1526r2024-03-31w2024-03-31yL c2586d2586